=LDR 00000nam 2200000 4500 =001 INLIS000000000011777 =005 20130612103323 =008 ***********************************Ind** =035 ##$$0010-061300000011777 =041 ##$$a Ind =082 ##$$a f Rom K =090 ##$$a F Rom K, Zul s =100 ##$$a Zulkarnain, M.Rifg y =245 ##$$a Semalam di negri semut, M.Rifq y Zulkarnaen =260 ##$$a 2003 $b Bandung =650 ##$$a Fiksi Kanak-Kanak =850 ##$$a NBPNMAT